Základné makroekonomické proporcie vývoja ekonomiky Slovenskej republiky v roku 1997
Prognóza Prognostického ústavu Slovenskej akadémie vied o možnom vývoji slovenskej ekonomiky v r. 1997.
Na minha lista:
| Autor principal: | |
|---|---|
| Outros Autores: | |
| Formato: | Capítulo de Livro |
| Idioma: | eslovaco |
| Assuntos: | |
| Tags: |
Sem tags, seja o primeiro a adicionar uma tag!
|
MARC
| LEADER | 00000naa a2200000 4500 | ||
|---|---|---|---|
| 001 | r025658 | ||
| 005 | 20230824085410.1 | ||
| 041 | 0 | |a slo | |
| 044 | |a SK | ||
| 245 | 1 | 0 | |a Základné makroekonomické proporcie vývoja ekonomiky Slovenskej republiky v roku 1997 |c P. Kárász, J. Renčko |
| 520 | |a Prognóza Prognostického ústavu Slovenskej akadémie vied o možnom vývoji slovenskej ekonomiky v r. 1997. | ||
| 610 | 2 | 0 | |a Slovensko |
| 610 | 2 | 0 | |a 1997 |
| 610 | 2 | 0 | |a rast hospodársky |
| 610 | 2 | 0 | |a prognózy hospodárske |
| 610 | 2 | 0 | |a makroekonomika |
| 100 | 1 | |a Kárász, Pavol | |
| 700 | 1 | |a Renčko, Juraj | |